| 000 | 01277cam a2200289 a 4500 | ||
|---|---|---|---|
| 001 | 2835140 | ||
| 005 | 19860422000000.0 | ||
| 008 | 850419s1982 fr a b 100 0 eng | ||
| 010 | _a 83213527 | ||
| 020 | _a2710804344 (pbk.) | ||
| 040 |
_aDLC _cDLC _dDLC |
||
| 050 | 0 | 0 |
_aTN860 _b.R68 no. 37 _aTA710.5 |
| 082 | 0 | 0 |
_219 _a624.15136 _bSYM |
| 111 | 2 |
_aSymposium on the Pressuremeter and Its Marine Applications _d(1982 : _cParis, France) _97887 |
|
| 245 | 1 | 0 |
_aSymposium on the Pressuremeter and Its Marine Applications / _cInstitut francais du petrole, Laboratoires des ponts et chaussees, Paris, 19-20 April 1982. |
| 260 |
_aParis : _bEditions Technip, _cc1982. |
||
| 300 |
_aix, 426 p. : _bill. charts ; _c24 cm. |
||
| 490 | 0 |
_aCollection Colloques et seminaires ; _v37 |
|
| 504 | _aIncludes bibliographical references. | ||
| 650 | 0 |
_aSoil penetration test _xCongresses. _97888 |
|
| 650 | 0 |
_aMarine geotechnique _xCongresses. _97889 |
|
| 650 | 0 |
_aSoil mechanics _xCongresses. _97890 |
|
| 710 | 2 |
_aInstitut francais du petrole. _97891 |
|
| 710 | 2 |
_aLaboratoire central des ponts et chaussees. _97892 |
|
| 942 |
_2ddc _cBB |
||
| 999 |
_c12303 _d12303 |
||